| 000 | 01541cam a22003251i 4500 | ||
|---|---|---|---|
| 003 | SA-RiAUC | ||
| 005 | 20241211145951.0 | ||
| 008 | 241211s2001 jo f 00000 ara c | ||
| 040 |
_aSA-RiAUC _bara _cSA-RiAUC _erda |
||
| 041 | 1 |
_aara _hund |
|
| 082 | 0 | 4 |
_a389.1 _qSA-RiAUC |
| 090 |
_a389.1 _bهـ ن ت |
||
| 100 | 1 |
_aهنتس، فالتر، _d1906-1992 _eمؤلف. |
|
| 245 | 1 | 2 |
_aالمكاييل والأوزان الإسلامية وما يعادلها في النظام المتري / _cفالتر هنتس ؛ ترجمة كامل العسلي. |
| 246 | 3 | 0 | _aالنظام المتري |
| 250 | _aالطبعة الثانية. | ||
| 260 |
_a[عمان، الأردن] : _bروائع المجدلاوى، _c1421] 2001أو 1422] |
||
| 264 | 1 |
_aعمان، الأردن : _bروائع المجدلاوى، _c2001 |
|
| 300 |
_a134 صفحة ؛ _c23 سم |
||
| 336 |
_aنص _btxt _2rdacontent _3كتاب |
||
| 337 |
_aبدون وسيط _bn _2rdamedia |
||
| 338 |
_aمجلد _bnc _2rdacarrier |
||
| 500 | _aعلى صفحة العنوان : دليل الاستشراق-إصدار بير تولد شبولة-المجلد : الملحق 1 الكراس 1. | ||
| 504 | _aيشتمل على إرجاعات ببليوجرافية . | ||
| 650 | 7 |
_aالموازين والمقاييس _zالبلاد الإسلامية _2aucsh |
|
| 650 | 7 |
_aالموازين والمقاييس الإسلامية _2aucsh |
|
| 700 | 1 |
_aالعسلي، كامل جميل، _d1925-1995 _eمترجم. |
|
| 942 |
_2ddc _cBOOK _n0 |
||
| 949 |
_aSA-JeALM _d241211 _uosman123 _n1 |
||
| 999 |
_c3359 _d3359 |
||